000 00564nam a22001457a 4500
003 MACL
005 20190426161339.0
008 190426b xxu||||| |||| 00| 0 eng d
040 _cMACL
100 _aवर्मा,विजय
_974539
245 _aलोकावलोकन लोकजीवन एवं लोक साहित्‍य सम्‍बंधी लेख
260 _aजोधपुर
_bराजस्‍थानी ग्रन्‍थागार
_c2016
650 _aलोक साहित्‍य
_949621
942 _2ddc
_cHIN
999 _c59534
_d59534